000 00262nam a2200085Ia 4500
008 170620s9999 xx 000 0 und d
100 _aSharma- Surendra Kumar (Hindi)
245 0 _aAadhunik Bhartiya Samaj mein Shiksha (Hindi)
260 _bNew Delhi- Discovery Publishing House
260 _c2005
999 _c24274
_d24274